|
|
|
|
| LEADER |
00801cam a2200217 7i4500 |
| 001 |
0000042489 |
| 005 |
20170223090000.0 |
| 020 |
|
|
|a 1856046591 (pbk.)
|
| 020 |
|
|
|a 9781856046596 (pbk.)
|
| 090 |
0 |
0 |
|a ZA3075
|b .B53 2012
|
| 100 |
1 |
|
|a Blanchett, Helen
|
| 245 |
1 |
2 |
|a A guide to teaching information literacy :
|b 101 practical tips
|c Helen Blanchett , Chris Powis and Jo Webb.
|
| 260 |
|
|
|a London:
|b Facet Publishing,
|c 2012.
|
| 300 |
|
|
|a ix, 262 p.:
|b ill.;
|c 23 cm.
|
| 650 |
0 |
0 |
|a Information literacy --
|x Study and teaching
|
| 700 |
1 |
|
|a Webb, Jo
|
| 700 |
1 |
|
|a Powis, Chris
|
| 997 |
|
|
|a Communication, Visual Art & Computing, Faculty
|b Communication, Department
|
| 998 |
|
|
|a Library Science, Degree
|
| 998 |
|
|
|a Library Science, Diploma
|
| 999 |
|
|
|a 0000055768
|b BOK
|c OPEN SHELF
|e 2nd Floor, Bestari Jaya
|